01248nam a2200253 a 450000100100000000500170001000800410002704000250006808200220009324500710011526000590018630000210024550000400026650400540030665000560036065000550041665000710047165000600054265000590060265000750066195201190073695201240085599900150097900000361920200929150514.0090711s2007 bo 000 0 spa d aDO-SdBNPbspacBNPHU a323.6097293bC58100aCiudadanía y derechos humanos :bdesafíos para la educación. aBolivia : Brasil :bYachay Tinkuy : Novamerica,c2007. a190 p. ;c22 cm. aIncluye notas al píe de páginas aIncluye referencias bibliográficas (P. 189-190) 4aCiudadaníaxEstudio y enseñanzazBolivia911126 4aCiudadaníaxEstudio y enseñanzazBrasil911127 4aCiudadaníaxEstudio y enseñanzazRepública Dominicana911128 4aDerechos humanosxEstudio y enseñanzazBolivia911129 4aDerechos humanosxEstudio y enseñanzazBrasil911130 4aDerechos humanosxEstudio y enseñanzazRepública Dominicana911131 001050718MOaPDbPDcCTd2009-07-11iLF1l0o323.6097293 C581p3619-10r2020-06-25w2020-06-25y1ZNo se presta 001050718MOaPDbPDcCTd2009-07-11iLF1l0o323.6097293 C581p3619-20r2020-06-25te.2w2020-06-25y1ZNo se presta c3442d3442